书目信息 |
| 题名: |
高频电子线路
|
|
| 作者: | 张义方 , 冯建华 编 | |
| 分册: | ||
| 出版信息: | 哈尔滨 哈尔滨工业大学出版社 1996.08 |
|
| 页数: | 338页 | |
| 开本: | 16开 | |
| 丛书名: | ||
| 单 册: | ||
| 中图分类: | TN70 | |
| 科图分类: | ||
| 主题词: | 电子电路 | |
| 电子资源: | ||
| ISBN: | 7-5603-0824-4 | |
| 000 | 00591nam0 2200205 45 | |
| 001 | 0009121796 | |
| 005 | 20000912174525.4 | |
| 010 | @a7-5603-0824-4@d21.00元 | |
| 100 | @a20000912d1996 km y0chiy0120 ea | |
| 101 | 0 | @achi |
| 105 | @a z 000yy | |
| 200 | 1 | @a高频电子线路@AGao Pin Dian Zi Xian Lu@f张义方,冯建华编@FZhang Yi Fang,Feng Jian Hua Bian |
| 210 | @a哈尔滨@c哈尔滨工业大学出版社@d1996.08 | |
| 215 | @a338页@d16开 | |
| 606 | 0 | @a电子电路 |
| 690 | @aTN70@v3 | |
| 701 | 0 | @a张义方@4编 |
| 701 | 0 | @a冯建华@4编 |
| 801 | @aCN@bPftUser@c20000912 | |
| 905 | @b138200-204@dTN70@eZH257@f5 | |
| 高频电子线路/张义方,冯建华编.-哈尔滨:哈尔滨工业大学出版社,1996.08 |
| 338页;16开 |
| ISBN 7-5603-0824-4:21.00元 |
| ● |
| 相关链接 |
|
|
|
正题名:高频电子线路
索取号:TN70/ZH257
 
预约/预借
| 序号 | 登录号 | 条形码 | 馆藏地/架位号 | 状态 | 备注 |
| 1 | 138200 | 201382002 | 自科二线504/504自科库 8排3列3层/ [索取号:TN70/ZH257] | 在馆 | |
| 2 | 138201 | 201382011 | 自科二线404/404自科库 14排6列5层/ [索取号:TN70/ZH257] | 在馆 | |
| 3 | 138202 | 201382020 | 自科库301/301自科库 29排1列3层/ [索取号:TN70/ZH257] | 在馆 | |
| 4 | 138203 | 201382039 | 自科库301/301自科库 29排1列3层/ [索取号:TN70/ZH257] | 在馆 | |
| 5 | 138204 | 201382048 | 自科二线404/404自科库 14排6列4层/ [索取号:TN70/ZH257] | 在馆 |